[Event "Buenos Aires Duchamp Memorial op 4th"]
[Site "Buenos Aires"]
[Date "2012.10.27"]
[Round "5"]
[White "Gimenez, Santiago"]
[Black "Uelf, Maximiliano"]
[Result "0-1"]
[WhiteElo "2260"]
[BlackElo "2157"]
[PlyCount "76"]
[EventDate "2012.10.22"]
[EventType "swiss"]
[EventRounds "9"]
[EventCountry "ARG"]
[SourceTitle "EXT 2013"]
[Source "ChessBase"]
[SourceDate "2012.11.22"]
[SourceVersion "1"]
[SourceVersionDate "2012.11.22"]
[SourceQuality "1"]

1. e4 b6 2. d4 Bb7 3. Nc3 e6 4. a3 Nf6 5. Bd3 c5 6. Nf3 d5 7. exd5 Nxd5 8. Ne5 Nxc3 9. bxc3 a6 10. Qg4 Nd7 11. 0-0 Nxe5 12. dxe5 h5 13. Qg5 Qxg5 14. Bxg5 Rc8 15. c4 Kd7 16. Rab1 Kc7 17. h4 Bc6 18. Rfd1 Re8 19. f3 Be7 20. Kf2 Bxg5 21. hxg5 g6 22. Rh1 Rd8 23. Ke3 Rhe8 24. Rh4 Re7 25. Rf4 Rb8 26. Rh1 Rb7 27. Rhh4 b5 28. cxb5 axb5 29. c4 b4 30. axb4 Rxb4 31. Rh1 Rb2 32. Rg1 Ra2 33. g4 h4 34. Be4 h3 35. Rh1 h2 36. Rf6 Rb2 37. Kf4 Bxe4 38. fxe4 Rb3 0-1

[Event "Villa Martelli Pro Am op 17th"]
[Site "Villa Martelli"]
[Date "2010.10.11"]
[Round "1"]
[White "Gimenez, Santiago"]
[Black "Frei, Alejandro"]
[Result "1-0"]
[WhiteElo "2249"]
[BlackElo "1805"]
[PlyCount "53"]
[EventDate "2010.10.10"]
[EventType "swiss"]
[EventRounds "9"]
[EventCountry "ARG"]
[SourceTitle "CBM 138 Extra"]
[Source "ChessBase"]
[SourceDate "2010.10.29"]
[SourceVersion "1"]
[SourceVersionDate "2010.10.29"]
[SourceQuality "1"]

1. e4 c6 2. d4 d5 3. e5 Bf5 4. Nf3 e6 5. Be2 Nd7 6. 0-0 Ne7 7. b3 Qc7 8. c4 Bxb1 9. Rxb1 Qa5 10. Bd2 Qxa2 11. Bc3 Qa6 12. cxd5 b5 13. dxe6 fxe6 14. Ng5 Nd5 15. Bd2 c5 16. Bg4 Nc7 17. Qf3 0-0-0 18. Ra1 Qb7 19. Qh3 Re8 20. Nxe6 Nxe6 21. Bxe6 Kd8 22. dxc5 Nxc5 23. Ba5+ Ke7 24. Bb4 Qb6 25. Bd7 Ra8 26. Rfd1 g5 27. Bxc5+ 1-0

[Event "ARG-ch 85th"]
[Site "Buenos Aires"]
[Date "2010.07.16"]
[Round "11"]
[White "Gimenez, Santiago"]
[Black "Leeuw, Pablo Gabriel"]
[Result "1-0"]
[WhiteElo "2253"]
[BlackElo "2071"]
[PlyCount "85"]
[EventDate "2010.07.05"]
[EventType "swiss"]
[EventRounds "11"]
[EventCountry "ARG"]
[SourceTitle "CBM 137 Extra"]
[Source "ChessBase"]
[SourceDate "2010.09.01"]
[SourceVersion "1"]
[SourceVersionDate "2010.09.01"]
[SourceQuality "1"]

1. Nf3 e6 2. g3 f5 3. Bg2 Nf6 4. c4 d5 5. 0-0 Bd6 6. d3 0-0 7. Nc3 c6 8. cxd5 exd5 9. e4 Bb4 10. exd5 cxd5 11. Qb3 Nc6 12. Be3 a5 13. Nd4 Bxc3 14. bxc3 a4 15. Qa3 Qa5 16. Rab1 Qa6 17. Rfd1 Bd7 18. Nb5 Ne5 19. Nc7 Qc6 20. Nxa8 Rxa8 21. Bd4 Re8 22. Qc5 Qxc5 23. Bxc5 Bc6 24. Bd4 Kf7 25. Bxe5 Rxe5 26. Re1 Nd7 27. f4 Re6 28. Rxe6 Kxe6 29. Kf2 Kd6 30. Bf1 Nc5 31. Ke3 g6 32. Be2 h5 33. Bf1 a3 34. Rb4 Na4 35. Rb3 Nb2 36. Rxa3 Ba4 37. Kd2 b5 38. Rb3 Bxb3 39. axb3 d4 40. Be2 Kc5 41. Kc2 dxc3 42. Kxc3 b4+ 43. Kxb2 1-0

[Event "ARG-ch 85th"]
[Site "Buenos Aires"]
[Date "2010.07.09"]
[Round "5"]
[White "Cereijo, Nicolas"]
[Black "Gimenez, Santiago"]
[Result "1/2-1/2"]
[WhiteElo "2139"]
[BlackElo "2253"]
[PlyCount "36"]
[EventDate "2010.07.05"]
[EventType "swiss"]
[EventRounds "11"]
[EventCountry "ARG"]
[SourceTitle "CBM 137 Extra"]
[Source "ChessBase"]
[SourceDate "2010.09.01"]
[SourceVersion "1"]
[SourceVersionDate "2010.09.01"]
[SourceQuality "1"]

1. d4 Nf6 2. Nf3 g6 3. c4 Bg7 4. Nc3 d6 5. e4 0-0 6. Be2 Na6 7. 0-0 e5 8. Be3 Qe8 9. Nd2 Ng4 10. Bxg4 Bxg4 11. Nf3 Bxf3 12. gxf3 c6 13. f4 Qe7 14. fxe5 dxe5 15. d5 Bf6 16. Qd2 Rfd8 17. Kh1 Nc7 18. Qe2 Bg5 1/2-1/2

[Event "Buenos Aires Bolivar op 3rd"]
[Site "Buenos Aires"]
[Date "2010.06.30"]
[Round "6"]
[White "Gimenez, Santiago"]
[Black "Fusco, Leonardo"]
[Result "0-1"]
[WhiteElo "2112"]
[BlackElo "2419"]
[PlyCount "82"]
[EventDate "2010.06.24"]
[EventType "swiss"]
[EventRounds "7"]
[EventCountry "ARG"]
[SourceTitle "EXT 2011"]
[Source "ChessBase"]
[SourceDate "2010.11.26"]
[SourceVersion "1"]
[SourceVersionDate "2010.11.26"]
[SourceQuality "1"]

1. e4 e5 2. Nf3 Nc6 3. d4 exd4 4. Nxd4 Bc5 5. Be3 Qf6 6. c3 Nge7 7. Bc4 Ne5 8. Be2 d6 9. 0-0 Qg6 10. f4 Qxe4 11. Bf2 Bxd4 12. cxd4 N5g6 13. g3 d5 14. Re1 Qf5 15. Bd3 Qf6 16. Nc3 0-0 17. Qb3 c6 18. a4 Nf5 19. Qb4 h5 20. a5 h4 21. Bf1 Nh6 22. Na4 Ng4 23. Rac1 Nxf4 24. Qd2 Ne6 25. Nc5 Ng5 26. Bg2 h3 27. Bh1 Nf3+ 28. Bxf3 Qxf3 29. Be3 b6 30. Na4 Bf5 31. Nc3 Rfe8 32. Bf4 Bd3 33. b4 b5 34. a6 f6 35. Bd6 Kf7 36. Be5 Kg6 37. Rcd1 Kh5 38. Bd6 Rxe1+ 39. Rxe1 Re8 40. Be5 fxe5 41. Nxb5 exd4 0-1

[Event "Buenos Aires Najdorf Centenary op"]
[Site "Buenos Aires"]
[Date "2010.04.09"]
[Round "3"]
[White "Benedetti, Julio"]
[Black "Gimenez, Santiago"]
[Result "0-1"]
[WhiteElo "1916"]
[BlackElo "2204"]
[PlyCount "122"]
[EventDate "2010.04.04"]
[EventType "swiss"]
[EventRounds "9"]
[EventCountry "ARG"]
[SourceTitle "CBM 136 Extra"]
[Source "ChessBase"]
[SourceDate "2010.07.02"]
[SourceVersion "2"]
[SourceVersionDate "2010.07.15"]
[SourceQuality "1"]

1. e4 c5 2. Nf3 d6 3. d4 cxd4 4. Nxd4 Nf6 5. Nc3 a6 6. Be3 e5 7. Nb3 Be7 8. f3 Be6 9. Qd2 0-0 10. 0-0-0 Qc7 11. g4 Rc8 12. Kb1 d5 13. exd5 Nxd5 14. Nxd5 Bxd5 15. Be2 a5 16. Qxd5 Qxc2+ 17. Ka1 Qxe2 18. Qxb7 Nc6 19. Rc1 a4 20. Rhe1 Qa6 21. Qxa6 Rxa6 22. Nc5 Bxc5 23. Rxc5 f6 24. Rd1 Raa8 25. Rdc1 Ra6 26. Rb5 Raa8 27. Rbc5 Ra6 28. Rb5 Ne7 29. Rxc8+ Nxc8 30. Bc5 Nd6 31. Bxd6 Rxd6 32. Kb1 Rd4 33. Rb7 g6 34. Kc2 Rf4 35. Ra7 h5 36. g5 fxg5 37. Ra5 Kf7 38. Rxe5 Rxf3 39. Rxg5 Rf2+ 40. Kc3 Rxh2 41. Ra5 Rh4 42. b4 axb3 43. axb3 Rg4 44. b4 Ke6 45. Rc5 Kd6 46. Rc8 Rg1 47. Kc2 Rg5 48. Kd3 h4 49. Ke3 Rg3+ 50. Kf2 g5 51. b5 Rb3 52. Rc6+ Ke5 53. Rc5+ Kf4 54. Rc4+ Kf5 55. Rc5+ Kg4 56. Kg1 Rb2 57. Rc4+ Kh5 58. Rc5 h3 59. b6 Rxb6 60. Kh2 Rb3 61. Rc8 Kh4 0-1

[Event "Buenos Aires Najdorf Centenary op"]
[Site "Buenos Aires"]
[Date "2010.04.08"]
[Round "2"]
[White "Gimenez, Santiago"]
[Black "Lupis, Federico"]
[Result "1-0"]
[WhiteElo "2204"]
[BlackElo "1927"]
[PlyCount "65"]
[EventDate "2010.04.04"]
[EventType "swiss"]
[EventRounds "9"]
[EventCountry "ARG"]
[SourceTitle "CBM 136 Extra"]
[Source "ChessBase"]
[SourceDate "2010.07.02"]
[SourceVersion "2"]
[SourceVersionDate "2010.07.15"]
[SourceQuality "1"]

1. e4 d6 2. d4 Nf6 3. Nc3 e5 4. Nf3 Nbd7 5. Bc4 Be7 6. 0-0 0-0 7. Re1 c6 8. a4 b6 9. Bg5 Qc7 10. d5 c5 11. a5 a6 12. axb6 Nxb6 13. Nd2 Ng4 14. Bxe7 Qxe7 15. h3 Nh6 16. Qe2 Nxc4 17. Nxc4 Rb8 18. Ra2 f5 19. Na5 f4 20. Nc6 Qg5 21. f3 Rb6 22. Kf1 Nf7 23. b3 Nd8 24. Na4 Rxc6 25. dxc6 Nxc6 26. c3 Rf6 27. Nb6 Bb7 28. Nd5 Rg6 29. Qc4 Kh8 30. b4 Bc8 31. Rf2 Nb8 32. bxc5 a5 33. Qa4 1-0

[Event "Buenos Aires Bolivar op 2nd"]
[Site "Buenos Aires"]
[Date "2009.08.31"]
[Round "7"]
[White "Gimenez, Santiago"]
[Black "Filgueira, Hernan"]
[Result "1/2-1/2"]
[WhiteElo "2112"]
[BlackElo "2355"]
[PlyCount "50"]
[EventDate "2009.08.24"]
[EventType "swiss"]
[EventRounds "9"]
[EventCountry "ARG"]
[SourceTitle "CBM 132 Extra"]
[Source "ChessBase"]
[SourceDate "2009.11.03"]
[SourceVersion "1"]
[SourceVersionDate "2009.11.03"]
[SourceQuality "1"]

1. e4 c5 2. Nf3 Nc6 3. d4 cxd4 4. Nxd4 e5 5. Nb5 d6 6. N1c3 a6 7. Na3 Be7 8. Nc4 b5 9. Ne3 Nf6 10. g3 0-0 11. Bg2 b4 12. Ncd5 Nxd5 13. Nxd5 Bg5 14. Bxg5 Qxg5 15. 0-0 Bg4 16. f3 Be6 17. f4 exf4 18. gxf4 Qh6 19. Ne3 Rac8 20. Rf3 Qf6 21. f5 Bd7 22. Rg3 Kh8 23. Qh5 Ne7 24. Kh1 g6 25. Qh6 Ng8 1/2-1/2

[Event "Buenos Aires La Punta op"]
[Site "Buenos Aires"]
[Date "2009.05.28"]
[Round "5"]
[White "Gimenez, Santiago"]
[Black "Quiroga, Facundo"]
[Result "1-0"]
[WhiteElo "2112"]
[BlackElo "2329"]
[PlyCount "83"]
[EventDate "2009.05.25"]
[EventType "swiss"]
[EventRounds "9"]
[EventCountry "ARG"]
[SourceTitle "CBM 130 Extra"]
[Source "ChessBase"]
[SourceDate "2009.07.02"]
[SourceVersion "2"]
[SourceVersionDate "2009.07.15"]
[SourceQuality "1"]

1. e4 c6 2. d4 d5 3. e5 Bf5 4. Nf3 e6 5. Be2 c5 6. Be3 Nd7 7. 0-0 Rc8 8. c4 dxc4 9. d5 exd5 10. Qxd5 Qc7 11. Bxc4 Be6 12. Qd3 Bxc4 13. Qxc4 Nb6 14. Qc2 Qc6 15. Nc3 Ne7 16. Ne4 Ned5 17. Bg5 h6 18. Bh4 g5 19. Bg3 Be7 20. e6 f5 21. Nexg5 hxg5 22. Qxf5 Bf6 23. Qg6+ Kd8 24. Rad1 Rf8 25. Nxg5 Rc7 26. Nf7+ Kc8 27. Rfe1 Bd4 28. Bxc7 Qxc7 29. e7 Nxe7 30. Qe6+ Kb8 31. Qxe7 Rxf7 32. Qe8+ Nc8 33. Re2 Qf4 34. Rf1 Rf8 35. Qe6 a6 36. b3 Ka7 37. Qe4 Qg5 38. g3 Nd6 39. Qe7 Rf6 40. Re6 Nf5 41. Qd8 Nxg3 42. Qb6+ 1-0

[Event "ARG-ch sf 84th"]
[Site "La Plata"]
[Date "2009.05.01"]
[Round "2"]
[White "Gimenez, Santiago"]
[Black "Claverie, Raul Ricardo"]
[Result "0-1"]
[WhiteElo "2112"]
[BlackElo "2374"]
[PlyCount "74"]
[EventDate "2009.04.30"]
[EventType "swiss"]
[EventRounds "9"]
[EventCountry "ARG"]
[SourceTitle "CBM 130 Extra"]
[Source "ChessBase"]
[SourceDate "2009.07.02"]
[SourceVersion "2"]
[SourceVersionDate "2009.07.15"]
[SourceQuality "1"]

1. e4 e6 2. d4 d5 3. Nc3 Bb4 4. e5 c5 5. Bd2 Nh6 6. Bd3 Nc6 7. Nf3 cxd4 8. Nb5 Bc5 9. a3 Qb6 10. b4 Be7 11. Bxh6 gxh6 12. Nbxd4 Nxd4 13. Nxd4 Qc7 14. 0-0 Qxe5 15. Re1 Qf4 16. g3 Qf6 17. Bb5+ Kf8 18. f4 Rg8 19. Kh1 a6 20. Be2 Bd7 21. c3 Rc8 22. Qd2 h5 23. Bxh5 Qh6 24. g4 Bd6 25. Rf1 f5 26. Rae1 fxg4 27. f5 Qxd2 28. fxe6+ Kg7 29. Nf5+ Kh8 30. Nxd6 Bc6 31. Nf7+ Kg7 32. Ne5 d4+ 33. Nxc6 bxc6 34. e7 g3 35. hxg3 Qg5 36. e8Q Rcxe8 37. Bxe8 Rxe8 0-1